Unchaining /Decolonizing The Mind (Record no. 209394)
[ view plain ]
| 000 -LEADER | |
|---|---|
| fixed length control field | 00562nam a22001817a 4500 |
| 005 - DATE AND TIME OF LATEST TRANSACTION | |
| control field | 20250219122149.0 |
| 010 ## - LCCN (DPL NO) | |
| LC control number | ENG-143875 |
| 020 ## - INTERNATIONAL STANDARD BOOK NUMBER | |
| Terms of availability | 699.00 |
| International Standard Book Number | 9788119264049 |
| 035 ## - SYSTEM CONTROL NUMBER | |
| System control number | EN-127407 |
| 037 ## - SOURCE OF ACQUISITION | |
| Source of stock number/acquisition | DBAD |
| 082 ## - DEWEY DECIMAL CLASSIFICATION NUMBER | |
| Classification number | 883 |
| Edition number | 01 |
| 100 ## - MAIN ENTRY--PERSONAL NAME | |
| Personal name | Chawla Nisha |
| 245 ## - TITLE STATEMENT | |
| Title | Unchaining /Decolonizing The Mind |
| Statement of responsibility, etc | By Nisha Chawla |
| Remainder of title | Three Plays |
| Medium | English |
| 260 ## - PUBLICATION, DISTRIBUTION, ETC. (IMPRINT) | |
| Place of publication, distribution, etc | Uttar Pardesh |
| Name of publisher, distributor, etc | Book Street Publication |
| Date of publication, distribution, etc | 2023 |
| 270 ## - ADDRESS | |
| City | Nodia |
| Address | 2230, Express Trade Towers-2 |
| Postal code | 201304 |
| 300 ## - PHYSICAL DESCRIPTION | |
| Extent | 303Hd |
| Dimensions | 25cm |
| 942 ## - ADDED ENTRY ELEMENTS (KOHA) | |
| Source of classification or shelving scheme | Dewey Decimal Classification |
| Item type | English Books |
| Classification part | 883 |
| Call number suffix | CHA |
| Edition | 01 |
| Withdrawn status | Lost status | Not for loan | Collection code | Home library | Current library | Date acquired | Source of acquisition | Cost, normal purchase price | Full call number | Barcode | Cost, replacement price | Koha item type |
|---|---|---|---|---|---|---|---|---|---|---|---|---|
| Non-fiction | Central Library | Central Library | 19/02/2025 | DBAD | 699.00 | 883 CHA | EN-127407 | 699.00 | English Books |
